Boletín técnico/
সংরক্ষণ করুন:
| বিন্যাস: | গ্রন্থ |
|---|---|
| ভাষা: | Spanish |
| প্রকাশিত: |
San José, Costa Rica:
Ministerio de Agricultura y Ganadería
|
| বিষয়গুলি: | |
| ট্যাগগুলো: |
ট্যাগ যুক্ত করুন
কোনো ট্যাগ নেই, প্রথমজন হিসাবে ট্যাগ করুন!
|
MARC
| LEADER | 00000nam a22000007a 4500 | ||
|---|---|---|---|
| 003 | cru CIDCACS/IIS | ||
| 005 | 20230912145139.0 | ||
| 008 | 230912b |||||||| |||| 00| 0 spa d | ||
| 040 | |c cru CIDCACS/IIS | ||
| 090 | |a REV0130 | ||
| 245 | |a Boletín técnico/ |c Costa Rica. Ministerio de Agricultura y Ganadería | ||
| 260 | |a San José, Costa Rica: |b Ministerio de Agricultura y Ganadería | ||
| 270 | |e Apdo. 10094-1000 | ||
| 500 | |a EXISTENCIAS : 1973 (16) 1975 (26) 1976-1977 (29, 32-35, 38-47) 1978-1979 (48-70) 1979 (59-70) 1981 (74-75) | ||
| 500 | |a PERIODICIDAD PPS (s):Trimestral | ||
| 500 | |a Colección Centroamérica | ||
| 650 | 0 | |9 398 |a TENENCIA DE LA TIERRA | |
| 650 | 0 | |9 1698 |a TECNOLOGIA | |
| 650 | 4 | |9 2014 |a DESARROLLO AGROPECUARIO | |
| 650 | 0 | |9 5323 |a ANALISIS ESTADISTICO | |
| 650 | 7 | |9 9517 |a GRANOS BASICOS | |
| 650 | 4 | |9 3226 |a PRODUCTOS AGROPECUARIOS | |
| 651 | 0 | |9 32 |a COSTA RICA | |
| 942 | |2 ddc |c PP | ||
| 999 | |c 45260 |d 45260 | ||
